000
00320nam a22001457a 4500
020
_a
978-9387593886
041
_a
ENG
100
_a
Rao G N
245
_a
Statics for Agricultural Scieces
250
_a
2 Edition
260
_a
Hyderabad
_b
BS Publications
_c
2018
300
_a
467
650
_a
Statistics
856
_u
Maths
999
_c
8
_d
8